| 000 | 00885cab a2200217 4500 | ||
|---|---|---|---|
| 001 | ABS39843 | ||
| 008 | 090401t1988 xxu||||| |||| 00| 0 eng d | ||
| 035 | _a(Sirsi) u19337 | ||
| 041 | _aeng | ||
| 100 | _aBateman, I. | ||
| 245 | 4 | _aThe financial potential for farm-based forestry in the UK following recent government policy developments | |
| 260 | _c1988 | ||
| 350 | _a0 | ||
| 490 |
_aFarm Management _v6(11) Autumn 1988, 473-482(10) |
||
| 520 | _aOutlines the new policy relating to UK forestry; the past year or so has seen three major announcements in the Government`s initiative to promote a viable farm-based agro-forestry industry in the UK: the Farm Woodland Scheme , the removal of forestry from the tax system and the Woodland Grant Scheme . | ||
| 650 | _aFARM FORESTRY | ||
| 650 | _aINVESTMENT | ||
| 690 | _aRURAL PRACTICE | ||
| 942 | _n0 | ||
| 948 | _c04/03/1997 | ||
| 999 |
_c12900 _d12900 |
||